Issues in contemporary Malaysia

Bibliographic Details
Main Authors: Rao, Chandriah Appa (Author), Ross-Larson, Bruce Clifford , 1942- (Author)
Format: Book
Published: Kuala Lumpur : Heinemann , 1977
Subjects:

MARC

LEADER 00000cam a2200000 7i4500
001 0000003466
005 20190506093000.0
008 021118s1977
090 0 0 |a HN700.6.A8I8   |b R36 
100 0 |a Rao, Chandriah Appa ,   |e author 
245 1 0 |a Issues in contemporary Malaysia   |c Chandriah Appa Rao, Bruce Ross-Larson, Nordin Sopiee, Tjoa Hock Guan   |c edited by Bruce Ross-Larson 
260 2 |a Kuala Lumpur :   |b Heinemann ,   |c 1977 
300 |a 188 p. ;   |c 22 cm. 
651 0 |a Malaysia   |x Economic conditions 
651 0 |a Malaysia   |x Politics and government 
651 0 |a Malaysia   |x Social conditions 
700 0 |a Ross-Larson, Bruce Clifford ,   |d 1942- ,   |e author 
999 |a 1000023239   |b Book   |c OPEN SHELF (30 DAYS)   |e Gong Badak Campus 
999 |a 1000023240   |b Book   |c OPEN SHELF (30 DAYS)   |e Gong Badak Campus